Statistics for Five Most Populated Countries by Groups #2

Click here to take the quiz!

General Stats

  • This quiz has been taken 857 times
    (789 since last reset)
  • The average score is 26 of 40

Answer Stats

HintAnswer% Correct
Countries Bordering FranceSpain
97%
Countries Bordering FranceGermany
96%
Island NationUnited Kingdom
95%
EU Without Using EuroUnited Kingdom
95%
Countries Bordering Indian OceanIndia
90%
Contains Top 100 MountainsIndia
90%
Countries Bordering FranceBelgium
87%
Countries Bordering FranceItaly
87%
Majority OrthodoxRussia
85%
OPECIndonesia
83%
Countries Bordering Indian OceanIndonesia
83%
Island NationIndonesia
83%
Island NationJapan
80%
Contains Top 100 MountainsPakistan
77%
Countries Bordering Indian OceanPakistan
77%
Contains Top 100 MountainsChina
75%
Island NationPhilippines
71%
Contains Top 100 MountainsNepal
66%
Majority OrthodoxUkraine
64%
Countries Bordering FranceBrazil
63%
Closer to Gabon than Ghana isDR Congo
63%
Majority OrthodoxGreece
63%
OPECIran
63%
Countries Bordering Indian OceanBangladesh
61%
OPECNigeria
59%
Closer to Gabon than Ghana isNigeria
59%
EU Without Using EuroPoland
59%
EU Without Using EuroSweden
59%
Island NationMalaysia
56%
EU Without Using EuroRomania
56%
Majority OrthodoxRomania
56%
Closer to Gabon than Ghana isCameroon
54%
OPECIraq
48%
Closer to Gabon than Ghana isAngola
44%
Contains Top 100 MountainsAfghanistan
36%
EU Without Using EuroCzech Republic
36%
Countries Bordering Indian OceanEgypt
35%
Majority OrthodoxEthiopia
32%
Closer to Gabon than Ghana isChad
30%
OPECAlgeria
16%

Score Distribution

Percentile by Number Answered

Percent of People with Each Score

Your Score History

You have not taken this quiz since the last reset